000 00596nam a2200181 u 4500
001 000024950
005 20200930023453.0
008 110208s1975 ag a r 000 0 spa d
040 _aDO-SdBNP
_bspa
_cBNPHU
082 _ann*
_bnn*
100 1 _aPiaget, Jean.
_951208
245 1 4 _aLos aƱos postergados :
_bla primera infancia /
_cJ. Piaget y otros.
260 _aBuenos Aires :
_bPaidos-Unicef,
_c1975.
300 _a191 p. :
_bil. ;
_c18 cm.
490 1 0 _aBiblioteca del Educador Contemporaneo. Menor
_v194
830 0 _aBiblioteca del Educador Contemporaneo
_pMenor,
_v194
_951209
049 _aBNGR
999 _c24443
_d24443